000
00332nam a2200133Ia 4500
008
240624s9999 xx 000 0 und d
041
_a
eng
082
_a
659.13 ASH
100
_a
ASHTON ROBERT
245
_a
COPYWRITING IN A WEEK
260
_c
2003
_a
London
_b
Hodder and stoughton
300
_a
93 : p. : cm. ; 20
365
_c
RS
_b
33
999
_c
11608
_d
11608